[Event "8th Southwest Class"]
[Site "Forth Worth, TX"]
[Date "2017.02.17"]
[Round "3.20"]
[White "GM Boros, Denes"]
[Black "WIM Yu, Jennifer"]
[Result "1-0"]
[WhiteElo "2444"]
[BlackElo "2162"]
[PlyCount "77"]
[EventDate "2017.02.??"]
[EventType "swiss"]
[EventRounds "9"]
[EventCountry "USA"]

1. Nf3 d5 2. g3 Nf6 3. Bg2 c5 4. O-O Nc6 5. d4 e6 6. c4 dxc4 7. Ne5 Nxe5 8.
dxe5 Qxd1 9. Rxd1 Nd7 10. Na3 Rb8 11. Nxc4 b6 12. a4 Bb7 13. Ra3 Be7 14. Rad3
Bxg2 15. Kxg2 Rb7 16. a5 b5 17. Nd6+ Bxd6 18. Rxd6 Rc7 19. Be3 Rf8 20. f4 c4
21. Bd2 Nb8 22. g4 g6 23. Be1 Rd7 24. Bh4 h5 25. h3 hxg4 26. hxg4 Rh8 27. Bf6
Rh7 28. e4 Rh6 29. a6 Rxd6 30. Rxd6 Nd7 31. Bg5 Rh7 32. Rc6 f6 33. exf6 Nf8 34.
Rc8+ Kf7 35. Rb8 Kg8 36. Rxb5 Rd7 37. Rb7 Kf7 38. Bh4 Ke8 39. Bf2 1-0

[Event "8th Southwest Class"]
[Site "Forth Worth, TX"]
[Date "2017.02.17"]
[Round "3.21"]
[White "Potula, Kapish"]
[Black "IM Aponte, Felix"]
[Result "1/2-1/2"]
[WhiteElo "2015"]
[BlackElo "2397"]
[PlyCount "138"]
[EventDate "2017.02.??"]
[EventType "swiss"]
[EventRounds "9"]
[EventCountry "USA"]

1. d4 Nf6 2. c4 e6 3. Nc3 d5 4. cxd5 exd5 5. Bg5 c6 6. e3 Bd6 7. Bd3 O-O 8. Qc2
h6 9. Bh4 Re8 10. Nf3 Be6 11. O-O Nbd7 12. Rac1 Rc8 13. Rfd1 Bg4 14. Bf5 Bxf5
15. Qxf5 g6 16. Qb1 g5 17. Bg3 Bxg3 18. hxg3 Ne4 19. Nxe4 Rxe4 20. Nd2 Re8 21.
e4 dxe4 22. Nxe4 Nf6 23. Re1 Kg7 24. Rcd1 Nxe4 25. Rxe4 Qf6 26. Qd3 Rxe4 27.
Qxe4 Rd8 28. b3 Rd5 29. Kf1 Qd8 30. Ke2 c5 31. Ke3 b6 32. Rd3 f5 33. Qe6 cxd4+
34. Rxd4 Rxd4 35. Qe5+ Kg6 36. Qxd4 Qe7+ 37. Kd3 Qe1 38. Qd6+ Kh5 39. g4+ Kxg4
40. Qg3+ Kh5 41. Qh2+ Kg6 42. Qd6+ Kg7 43. Qd4+ Kf7 44. Qd7+ Kf6 45. Qh7 Qe4+
46. Kd2 Qxg2 47. Qh8+ Ke6 48. Qe8+ Kd6 49. Qd8+ Kc5 50. Qe7+ Kc6 51. Qe8+ Kd6
52. Qd8+ Ke5 53. Qe7+ Kd4 54. Qg7+ Kc5 55. Qe7+ Kb5 56. a4+ Ka6 57. Qe2+ Kb7
58. Qe7+ Kc6 59. Qe8+ Kd6 60. Qd8+ Ke6 61. Qe8+ Kf6 62. Qh8+ Kf7 63. Qh7+ Kf6
64. Qxh6+ Ke5 65. Qh8+ Ke6 66. Qe8+ Kd6 67. Qd8+ Ke6 68. Qe8+ Kd6 69. Qd8+ Ke6
1/2-1/2

[Event "8th Southwest Class"]
[Site "Forth Worth, TX"]
[Date "2017.02.17"]
[Round "3.22"]
[White "Hong, Andrew"]
[Black "Obili, Abhishek"]
[Result "1-0"]
[WhiteElo "2387"]
[BlackElo "1986"]
[PlyCount "57"]
[EventDate "2017.02.??"]
[EventType "swiss"]
[EventRounds "9"]
[EventCountry "USA"]

1. e4 c5 2. Nf3 Nc6 3. d4 cxd4 4. Nxd4 g6 5. c4 Nf6 6. Nc3 Nxd4 7. Qxd4 d6 8.
Be2 Bg7 9. Be3 O-O 10. Qd2 Qa5 11. O-O Be6 12. f3 Rfc8 13. b3 a6 14. Rab1 b5
15. b4 Qd8 16. cxb5 axb5 17. Bxb5 Ra3 18. Rfc1 Ng4 19. Bd4 Bh6 20. f4 Bxf4 21.
Qxf4 Raxc3 22. Rxc3 Rxc3 23. Be2 Ra3 24. Bxg4 Bxa2 25. Rc1 e5 26. Qd2 Qh4 27.
Bb2 Ra8 28. Bf3 Be6 29. Qxd6 1-0

[Event "8th Southwest Class"]
[Site "Forth Worth, TX"]
[Date "2017.02.17"]
[Round "3.24"]
[White "IM Ruiz, Joshua"]
[Black "Somalwar, Anaiy"]
[Result "1-0"]
[WhiteElo "2338"]
[BlackElo "1866"]
[PlyCount "75"]
[EventDate "2017.02.??"]
[EventType "swiss"]
[EventRounds "9"]
[EventCountry "USA"]

1. e4 c5 2. Nf3 d6 3. d4 cxd4 4. Nxd4 Nf6 5. Nc3 a6 6. Bg5 e6 7. f4 Be7 8. Qf3
Qc7 9. O-O-O Nbd7 10. Be2 b5 11. Bxf6 Bxf6 12. e5 Bb7 13. Ndxb5 axb5 14. Nxb5
Bxf3 15. Nxc7+ Kd8 16. Bxf3 Rxa2 17. Kb1 Ra5 18. Nxe6+ fxe6 19. exf6 gxf6 20.
Rxd6 Ke7 21. Rhd1 Ra7 22. Bc6 Nb6 23. R6d3 Rc8 24. Bf3 Rac7 25. Rb3 Na4 26. Rb4
Nc5 27. c3 Na6 28. Rb7 Nc5 29. Rxc7+ Rxc7 30. Kc2 h6 31. Rd4 Nd7 32. b4 Nb6 33.
Kb3 Ra7 34. c4 Nd7 35. c5 Rc7 36. Kc4 Kd8 37. c6 Kc8 38. Rxd7 1-0

[Event "8th Southwest Class"]
[Site "Forth Worth, TX"]
[Date "2017.02.17"]
[Round "3.25"]
[White "Sanchez, Robert"]
[Black "FM Hilby, Craig"]
[Result "0-1"]
[WhiteElo "1863"]
[BlackElo "2333"]
[PlyCount "58"]
[EventDate "2017.02.??"]
[EventType "swiss"]
[EventRounds "9"]
[EventCountry "USA"]

1. e4 e5 2. Nf3 Nc6 3. Bb5 a6 4. Ba4 d6 5. c3 f5 6. d3 Nf6 7. Nbd2 Be7 8. Bb3
Na5 9. O-O fxe4 10. dxe4 Nxb3 11. Qxb3 Nd7 12. Ne1 Nc5 13. Qc2 O-O 14. Nd3 Nxd3
15. Qxd3 Be6 16. Nc4 Qe8 17. Ne3 c6 18. Bd2 Qg6 19. f3 Rad8 20. Qe2 d5 21. exd5
cxd5 22. Ng4 e4 23. Rae1 Bc5+ 24. Kh1 Bd6 25. Nf2 Qh5 26. f4 Qxe2 27. Rxe2 Bxf4
28. Bxf4 Rxf4 29. Kg1 Bd7 0-1

[Event "8th Southwest Class"]
[Site "Forth Worth, TX"]
[Date "2017.02.17"]
[Round "3.27"]
[White "Zaloznyy, Mike"]
[Black "Metpally, Jason"]
[Result "1-0"]
[WhiteElo "2100"]
[BlackElo "2100"]
[PlyCount "57"]
[EventDate "2017.02.??"]
[EventType "swiss"]
[EventRounds "9"]
[EventCountry "USA"]

1. e4 e6 2. Nf3 d5 3. e5 c5 4. b4 cxb4 5. a3 Nc6 6. d4 Nh6 7. axb4 Bxb4+ 8. c3
Be7 9. Bd3 Nf5 10. Na3 Bd7 11. O-O O-O 12. Nc2 a6 13. c4 Nh4 14. Ba3 Bxa3 15.
Rxa3 dxc4 16. Bxh7+ Kxh7 17. Nxh4 g6 18. Qg4 Kg7 19. Rg3 Ne7 20. Ne3 b5 21. Qf4
Rh8 22. Rg5 Rh6 23. g3 a5 24. Qf6+ Kg8 25. Ng4 Rh7 26. f4 Nf5 27. Nxg6 fxg6 28.
Rxg6+ Ng7 29. Nh6+ 1-0

[Event "8th Southwest Class"]
[Site "Forth Worth, TX"]
[Date "2017.02.17"]
[Round "3.29"]
[White "Zhang, Chao"]
[Black "Mishra, Prateek"]
[Result "1-0"]
[WhiteElo "2242"]
[BlackElo "1923"]
[PlyCount "117"]
[EventDate "2017.02.??"]
[EventType "swiss"]
[EventRounds "9"]
[EventCountry "USA"]

1. e4 e5 2. Nf3 Nc6 3. Bb5 a6 4. Ba4 Nf6 5. O-O Nxe4 6. Re1 Nc5 7. Bxc6 dxc6 8.
Nxe5 Be7 9. d4 Ne6 10. Be3 O-O 11. Nc3 f6 12. Nf3 Rf7 13. Qd3 Nf8 14. h3 Be6
15. Rad1 Ng6 16. Bc1 Qd7 17. Qe2 Bd5 18. Ne4 b5 19. b3 Bb4 20. Bd2 Bxd2 21.
Qxd2 Qf5 22. Ng3 Qf4 23. Qxf4 Nxf4 24. Re3 Rd8 25. Rde1 Rfd7 26. Ne4 Ne6 27. c3
f5 28. Ned2 Rd6 29. b4 Nf4 30. Nb3 Rg6 31. Nh4 Rg5 32. Rg3 Rxg3 33. fxg3 Bxb3
34. gxf4 Bc2 35. Re5 Rf8 36. Nf3 h6 37. Kf2 a5 38. a3 axb4 39. axb4 Be4 40. g4
fxg4 41. Rxe4 gxf3 42. Kxf3 Kf7 43. Re5 Rd8 44. f5 Rd6 45. h4 g6 46. Ke4 gxf5+
47. Rxf5+ Rf6 48. Ke5 Rxf5+ 49. Kxf5 Ke7 50. Kg6 Ke6 51. Kxh6 Kf5 52. Kg7 Kg4
53. Kf6 Kxh4 54. Ke6 Kg4 55. Kd7 Kf5 56. Kxc7 Ke6 57. Kxc6 Ke7 58. d5 Kd8 59.
Kd6 1-0

[Event "8th Southwest Class"]
[Site "Forth Worth, TX"]
[Date "2017.02.17"]
[Round "3.30"]
[White "Xie, Tianming"]
[Black "Vaidya, Atulya"]
[Result "1/2-1/2"]
[WhiteElo "2004"]
[BlackElo "2087"]
[PlyCount "118"]
[EventDate "2017.02.??"]
[EventType "swiss"]
[EventRounds "9"]
[EventCountry "USA"]

1. Nf3 g6 2. g3 Bg7 3. Bg2 d6 4. d4 Nf6 5. O-O c6 6. c4 O-O 7. Nc3 Qb6 8. e3
Bg4 9. h3 Bxf3 10. Bxf3 Nbd7 11. Qc2 Rad8 12. Rb1 e5 13. Rd1 Ne8 14. b4 Qc7 15.
b5 f5 16. bxc6 bxc6 17. Bg2 e4 18. Ba3 Nef6 19. Rb3 Rfe8 20. Rdb1 Nb6 21. c5
dxc5 22. Bxc5 Nfd7 23. Bf1 Nxc5 24. dxc5 Nd7 25. Rb7 Qa5 26. Na4 Ne5 27. R1b4
Nf3+ 28. Kh1 Rd2 29. Qb3+ Kh8 30. Qf7 Rg8 31. Kg2 Ne1+ 32. Kg1 Qd8 33. Rb1 Nf3+
34. Kg2 Nh4+ 35. Kg1 Nf3+ 36. Kg2 Ne5 37. Qb3 Rxf2+ 38. Kxf2 Qd2+ 39. Be2 Nd3+
40. Kf1 Qxe3 41. Bxd3 Bd4 42. Kg2 f4 43. Rxh7+ Kxh7 44. Qf7+ Bg7 45. Qxf4 Qxd3
46. Rb7 Qc2+ 47. Kh1 Qd1+ 48. Kg2 Rd8 49. Qh4+ Kg8 50. Rxg7+ Kxg7 51. Qe7+ Kg8
52. Qe6+ Kh8 53. Qf6+ Kh7 54. Qe7+ Kg8 55. Qe6+ Kh8 56. Qf6+ Kh7 57. Qe7+ Kh6
58. Qh4+ Qh5 59. Qxd8 Qe2+ 1/2-1/2

[Event "8th Southwest Class"]
[Site "Forth Worth, TX"]
[Date "2017.02.17"]
[Round "3.31"]
[White "Premkumar, Hiren"]
[Black "Gutman, Joshua"]
[Result "1/2-1/2"]
[WhiteElo "1857"]
[BlackElo "2078"]
[PlyCount "69"]
[EventDate "2017.02.??"]
[EventType "swiss"]
[EventRounds "9"]
[EventCountry "USA"]

1. d4 d5 2. c4 c6 3. cxd5 cxd5 4. Bf4 Nc6 5. Nc3 Nf6 6. e3 Bf5 7. Qb3 Qb6 8.
Qxb6 axb6 9. Nf3 e6 10. a3 Be7 11. Be2 O-O 12. O-O Rfc8 13. Rfc1 h6 14. Nd2 g5
15. Bg3 Bg6 16. Nb5 Ne8 17. Nb3 Bd8 18. Rc3 Ne7 19. Rac1 Rxc3 20. Rxc3 Rc8 21.
f3 Rc6 22. Nc1 Nf5 23. Bf2 Ned6 24. Rxc6 bxc6 25. Na7 c5 26. Nc6 Bf6 27. Nd3
cxd4 28. exd4 Nc4 29. Nde5 Nxb2 30. Na7 Na4 31. Bb5 Nc3 32. Bf1 Na4 33. Bb5 Nc3
34. Bf1 Na4 35. Nb5 1/2-1/2

[Event "8th Southwest Class"]
[Site "Forth Worth, TX"]
[Date "2017.02.17"]
[Round "3.33"]
[White "Greanias, Steve"]
[Black "Daggupati, Balaji"]
[Result "1-0"]
[WhiteElo "2077"]
[BlackElo "2158"]
[Annotator "Hater,David"]
[PlyCount "105"]
[EventDate "2017.02.??"]
[EventType "swiss"]
[EventRounds "9"]
[EventCountry "USA"]

1. c4 e5 2. Nc3 Nf6 3. Nf3 Nc6 4. e3 Bb4 5. Qc2 d6 6. d3 O-O 7. Be2 Ne7 8. a3
Bxc3+ 9. Qxc3 Ng6 10. O-O Bf5 11. b4 Qe7 12. Bb2 Rae8 13. Rac1 Nh5 14. Nd2 Qg5
15. g3 Nf6 16. Bf3 Qh6 17. Rfe1 Re6 18. Nf1 Bh3 19. Bg2 Bxg2 20. Kxg2 Qg5 21.
Nd2 Qg4 22. Qc2 Nh5 23. Qd1 Qg5 24. d4 exd4 25. Bxd4 Rfe8 26. Nf3 Qf5 27. Kg1
Qg4 28. Bc3 c5 29. bxc5 dxc5 30. Nd2 Qh3 31. Qf3 Nf6 32. Qg2 Qh5 33. h3 Ne4 34.
Nxe4 Rxe4 35. Bb2 Qg5 36. Red1 h5 37. Rd5 Qh6 38. Qf3 Nf8 39. Qxh5 Qb6 40. Qe2
Ng6 41. Qc2 Qe6 42. Kg2 Qc6 43. Kh2 b5 44. Qd3 b4 45. axb4 cxb4 46. Rb5 Ne5 47.
Bxe5 R4xe5 48. Rxb4 Qf6 49. Rc2 Rh5 50. Qd4 Qf5 51. g4 Qxc2 52. Rb2 Qxb2 53.
Qxb2 {1-0, 67} 1-0

[Event "8th Southwest Class"]
[Site "Forth Worth, TX"]
[Date "2017.02.17"]
[Round "3.34"]
[White "Matta, Nicholas"]
[Black "Hu, Yi"]
[Result "1-0"]
[WhiteElo "2019"]
[BlackElo "2152"]
[PlyCount "53"]
[EventDate "2017.02.??"]
[EventType "swiss"]
[EventRounds "9"]
[EventCountry "USA"]

1. d4 d5 2. c4 c6 3. Nf3 Nf6 4. Qc2 e6 5. g3 Nbd7 6. Bg2 Bd6 7. Nbd2 O-O 8. O-O
e5 9. cxd5 Nxd5 10. Nc4 Qe7 11. Nxd6 Qxd6 12. Rd1 Qe7 13. e4 N5b6 14. b3 Re8
15. a4 a5 16. Ba3 Qf6 17. Bb2 exd4 18. Bxd4 Qe7 19. Rac1 f6 20. Nh4 Qe6 21. Qb2
Rb8 22. f4 Qg4 23. Nf5 c5 24. Be3 h5 25. Qf2 Kh7 26. Bf3 Qg6 27. Nd6 1-0

[Event "8th Southwest Class"]
[Site "Forth Worth, TX"]
[Date "2017.02.17"]
[Round "3.36"]
[White "James, Dylan"]
[Black "Polavaram, Rihik"]
[Result "0-1"]
[WhiteElo "2111"]
[BlackElo "1908"]
[PlyCount "99"]
[EventDate "2017.02.??"]
[EventType "swiss"]
[EventRounds "9"]
[EventCountry "USA"]

1. e4 e5 2. Nc3 Nf6 3. g3 Nc6 4. Bg2 Bc5 5. Na4 Be7 6. Nc3 O-O 7. Nge2 Bc5 8.
O-O a6 9. d3 d6 10. h3 Be6 11. Nd5 h6 12. Kh2 Nd4 13. Nxd4 exd4 14. Nxf6+ Qxf6
15. f4 c6 16. g4 Bd7 17. Qf3 Bb6 18. Bd2 Bc7 19. Qg3 g6 20. Rac1 Qg7 21. h4 f6
22. Bh3 g5 23. Rf2 Be6 24. Rcf1 d5 25. Kg1 dxe4 26. dxe4 Bc4 27. Re1 c5 28. c3
Bxa2 29. cxd4 cxd4 30. Qa3 Be6 31. Qc5 Rad8 32. f5 Bc8 33. hxg5 hxg5 34. Bf1
Bg3 35. Bc4+ Kh8 36. Ree2 Bxf2+ 37. Rxf2 Qd7 38. Bxg5 Kg7 39. Bf4 b5 40. Be6
Qb7 41. Bd5 Qd7 42. g5 Rg8 43. Rg2 Kh8 44. g6 Kg7 45. Bh6+ Kxh6 46. Rh2+ Kg5
47. Qc1+ Kg4 48. Rg2+ Kh5 49. Qf4 Rxg6 50. Qh2# 0-1

[Event "8th Southwest Class"]
[Site "Forth Worth, TX"]
[Date "2017.02.18"]
[Round "4.1"]
[White "GM Hernandez, Holden"]
[Black "GM Sevian, Sam"]
[Result "0-1"]
[WhiteElo "2496"]
[BlackElo "2579"]
[PlyCount "68"]
[EventDate "2017.02.??"]
[EventType "swiss"]
[EventRounds "9"]
[EventCountry "USA"]

1. d4 Nf6 2. c4 e6 3. Nf3 d5 4. Nc3 c6 5. Qd3 dxc4 6. Qxc4 b5 7. Qd3 a6 8. a4
Bb7 9. Bg5 Be7 10. e3 O-O 11. Be2 Nbd7 12. O-O b4 13. Ne4 c5 14. Bxf6 Bxf6 15.
Nxf6+ Qxf6 16. a5 Rac8 17. Qb3 Bd5 18. Qa4 Bc6 19. Qd1 Bb7 20. Qd2 Rfd8 21.
Rfc1 Rb8 22. Qd1 e5 23. Rc4 exd4 24. exd4 Rbc8 25. Qf1 cxd4 26. Rxb4 Nc5 27.
Rb6 Rc6 28. Rxc6 Bxc6 29. Rd1 d3 30. Bxd3 Bxf3 31. Bxh7+ Kxh7 32. Rxd8 Qxd8 33.
gxf3 Qg5+ 34. Kh1 Qf5 0-1

[Event "8th Southwest Class"]
[Site "Forth Worth, TX"]
[Date "2017.02.18"]
[Round "4.2"]
[White "IM Li, Ruifeng"]
[Black "IM Javakhadze, Zurab"]
[Result "1-0"]
[WhiteElo "2561"]
[BlackElo "2469"]
[PlyCount "49"]
[EventDate "2017.02.??"]
[EventType "swiss"]
[EventRounds "9"]
[EventCountry "USA"]

1. e4 e5 2. Nf3 Nc6 3. Bb5 a6 4. Ba4 Nf6 5. O-O Be7 6. Re1 b5 7. Bb3 d6 8. c3
O-O 9. h3 Nd7 10. d4 Bf6 11. Be3 Na5 12. Bc2 c5 13. Nbd2 exd4 14. cxd4 cxd4 15.
Nxd4 Bb7 16. Rc1 g6 17. Bb1 Rc8 18. b3 Re8 19. Qg4 Bg7 20. Rxc8 Qxc8 21. Qg3 d5
22. Nf5 gxf5 23. Bh6 Qc3 24. Re3 Qe5 25. exf5 1-0

[Event "8th Southwest Class"]
[Site "Forth Worth, TX"]
[Date "2017.02.18"]
[Round "4.3"]
[White "GM Popilski, Gil"]
[Black "FM Kalikshteyn, Alexander"]
[Result "1/2-1/2"]
[WhiteElo "2539"]
[BlackElo "2448"]
[PlyCount "33"]
[EventDate "2017.02.??"]
[EventType "swiss"]
[EventRounds "9"]
[EventCountry "USA"]

1. e4 c5 2. Nc3 g6 3. Nf3 Bg7 4. d4 cxd4 5. Nxd4 Nc6 6. Be3 Nf6 7. Bc4 O-O 8.
Bb3 d6 9. h3 Na5 10. O-O b6 11. Re1 Bb7 12. Bg5 Rc8 13. Qd3 a6 14. Rad1 Qc7 15.
Nd5 Nxd5 16. Bxd5 Nc4 17. Bxc4 1/2-1/2

[Event "8th Southwest Class"]
[Site "Forth Worth, TX"]
[Date "2017.02.18"]
[Round "4.4"]
[White "IM Viswanadha, Kesav"]
[Black "IM Matsenko, Sergei"]
[Result "0-1"]
[WhiteElo "2372"]
[BlackElo "2522"]
[PlyCount "100"]
[EventDate "2017.02.??"]
[EventType "swiss"]
[EventRounds "9"]
[EventCountry "USA"]

1. d4 Nf6 2. c4 e6 3. Nc3 Bb4 4. f3 c5 5. d5 O-O 6. e4 b5 7. e5 Ne8 8. f4 exd5
9. cxd5 d6 10. Nf3 c4 11. a4 Nd7 12. Be2 Qb6 13. axb5 dxe5 14. fxe5 Nc7 15. Ra4
a5 16. bxa6 Bxa6 17. Bd2 Nc5 18. Ra2 Nd3+ 19. Bxd3 cxd3 20. d6 Bxc3 21. bxc3
Ne6 22. Qc1 Bc4 23. Rb2 Qc5 24. Rb4 Ra2 25. Rb2 Ra6 26. Rg1 f6 27. Be3 Qd5 28.
exf6 Rxf6 29. Nd2 Rxd6 30. Rb4 Rc6 31. Nf3 Qd6 32. Qd2 Nf4 33. Bxf4 Rxf4 34.
Kf2 Re4 35. Re1 Qc5+ 36. Kf1 Rxe1+ 37. Kxe1 h6 38. Nd4 Rf6 39. Rb8+ Kh7 40. Re8
Qh5 41. Re3 Qxh2 42. Nf3 Qg3+ 43. Kf1 Ra6 44. Ne1 Qxe3 45. Qxe3 d2+ 46. Kg1
d1=Q 47. Qe4+ Kh8 48. Qxc4 Qxe1+ 49. Kh2 Qe5+ 50. g3 Rg6 0-1

[Event "8th Southwest Class"]
[Site "Forth Worth, TX"]
[Date "2017.02.18"]
[Round "4.5"]
[White "GM Troff, Kayden"]
[Black "IM Vorontsov, Pavlo"]
[Result "1/2-1/2"]
[WhiteElo "2511"]
[BlackElo "2477"]
[PlyCount "32"]
[EventDate "2017.02.??"]
[EventType "swiss"]
[EventRounds "9"]
[EventCountry "USA"]

1. d4 d5 2. c4 e6 3. Nf3 Bb4+ 4. Nc3 Ne7 5. Bg5 O-O 6. e3 f6 7. Bf4 c5 8. a3
Bxc3+ 9. bxc3 Nbc6 10. Be2 Na5 11. Nd2 b6 12. O-O Ba6 13. dxc5 Nxc4 14. Nxc4
Bxc4 15. Bxc4 dxc4 16. Qg4 Qc8 1/2-1/2

[Event "8th Southwest Class"]
[Site "Forth Worth, TX"]
[Date "2017.02.18"]
[Round "4.6"]
[White "IM Brown, Michael"]
[Black "IM Nakar, Eylon"]
[Result "1/2-1/2"]
[WhiteElo "2466"]
[BlackElo "2478"]
[PlyCount "97"]
[EventDate "2017.02.??"]
[EventType "swiss"]
[EventRounds "9"]
[EventCountry "USA"]

1. d4 Nf6 2. c4 e6 3. Nc3 Bb4 4. e3 O-O 5. Bd3 d5 6. Nf3 dxc4 7. Bxc4 c5 8. O-O
cxd4 9. exd4 b6 10. Bg5 Bb7 11. Qe2 Nbd7 12. Rac1 Qb8 13. Rfe1 Rc8 14. Bd3 h6
15. Bd2 Bf8 16. Ba6 Rd8 17. h3 Bxa6 18. Qxa6 Qc8 19. Qxc8 Rdxc8 20. a3 a6 21.
Ne5 Nxe5 22. dxe5 Nd7 23. Rcd1 Ra7 24. f4 Rb7 25. Kf1 b5 26. Ne4 Rc2 27. Bc3
Be7 28. Re2 Rxe2 29. Kxe2 Nb6 30. g3 Kf8 31. Bd4 Ke8 32. Bc5 Nc4 33. b3 Nxa3
34. Nd6+ Bxd6 35. Rxd6 b4 36. Rxa6 Nb5 37. Kd3 h5 38. Ra8+ Kd7 39. Rf8 Kc6 40.
Bxb4 Nc7 41. Kc4 Nd5 42. Bc5 h4 43. gxh4 Nxf4 44. Bd6 Nd5 45. h5 Ne3+ 46. Kc3
Nd5+ 47. Kc4 Ne3+ 48. Kc3 Nd5+ 49. Kc4 1/2-1/2

[Event "8th Southwest Class"]
[Site "Forth Worth, TX"]
[Date "2017.02.18"]
[Round "4.7"]
[White "GM Zherebukh, Yaroslav"]
[Black "Sturt, Raven"]
[Result "1-0"]
[WhiteElo "2614"]
[BlackElo "2431"]
[PlyCount "87"]
[EventDate "2017.02.??"]
[EventType "swiss"]
[EventRounds "9"]
[EventCountry "USA"]

1. b3 Nf6 2. Bb2 e6 3. g3 Be7 4. Bg2 d5 5. Nf3 b6 6. O-O Bb7 7. c4 O-O 8. e3
Nbd7 9. Qe2 a5 10. Nc3 a4 11. Nxa4 dxc4 12. Qxc4 Ba6 13. Qc6 Bxf1 14. Kxf1 Nc5
15. Nxc5 bxc5 16. Ke2 Nd5 17. Ne5 Ra5 18. Qb7 Qa8 19. Qxa8 Raxa8 20. e4 Nb4 21.
a3 f6 22. Bh3 fxe5 23. Bxe6+ Kh8 24. axb4 Rxa1 25. Bxa1 cxb4 26. Bxe5 Bc5 27.
f4 Bd6 28. Bd4 c5 29. Be3 Rd8 30. e5 Bf8 31. Kf3 g6 32. Ke4 h5 33. h3 Kg7 34.
g4 hxg4 35. hxg4 Kh7 36. Bd5 Rd7 37. f5 gxf5+ 38. gxf5 Rd8 39. Bg5 Rd7 40. e6
Rg7 41. f6 Rxg5 42. e7 Bxe7 43. fxe7 Rg1 44. Ke5 1-0

[Event "8th Southwest Class"]
[Site "Forth Worth, TX"]
[Date "2017.02.18"]
[Round "4.8"]
[White "GM Belous, Vladimir"]
[Black "FM Rozman, Levy"]
[Result "*"]
[WhiteElo "2577"]
[BlackElo "2404"]
[PlyCount "89"]
[EventDate "2017.02.??"]
[EventType "swiss"]
[EventRounds "9"]
[EventCountry "USA"]

1. Nf3 e6 2. g3 b6 3. Bg2 Bb7 4. O-O c5 5. c4 Nf6 6. Nc3 Be7 7. d4 cxd4 8. Qxd4
O-O 9. Bg5 d6 10. Bxf6 Bxf6 11. Qd3 Qe7 12. Rad1 Rd8 13. Ne4 Na6 14. Nxf6+ Qxf6
15. Nd4 Bxg2 16. Kxg2 Rac8 17. Qa3 Rxc4 18. e3 Nc7 19. Qxa7 e5 20. Nf3 b5 21.
Qb7 Qe6 22. b3 Rc5 23. Ng5 Qe8 24. Qe4 Qc6 25. Kg1 Qxe4 26. Nxe4 Rc6 27. Rc1
Rxc1 28. Rxc1 Ne6 29. Rc6 d5 30. Nd6 Rb8 31. Ra6 d4 32. Kf1 g6 33. Ke2 d3+ 34.
Kd2 Rd8 35. Ne4 Kf8 36. f4 exf4 37. gxf4 Ke7 38. Ra7+ Kf8 39. b4 Kg7 40. Nc3 h5
41. Nxb5 Kf6 42. Nc3 h4 43. Ne4+ Kf5 44. Nf2 Kf6 45. Ra5 *

[Event "8th Southwest Class"]
[Site "Forth Worth, TX"]
[Date "2017.02.18"]
[Round "4.9"]
[White "GM Shabalov, Alex"]
[Black "IM Mulyar, Michael"]
[Result "1-0"]
[WhiteElo "2570"]
[BlackElo "2397"]
[PlyCount "103"]
[EventDate "2017.02.??"]
[EventType "swiss"]
[EventRounds "9"]
[EventCountry "USA"]

1. d4 d5 2. c4 c6 3. Nc3 Nf6 4. e3 e6 5. Bd3 Nbd7 6. cxd5 exd5 7. Nge2 Bd6 8.
f3 c5 9. O-O O-O 10. Nf4 Bxf4 11. exf4 cxd4 12. Ne2 Nc5 13. Nxd4 Nxd3 14. Qxd3
Qb6 15. Be3 Bd7 16. Rfe1 Rfe8 17. Qd2 Qd6 18. Ne2 a6 19. Bd4 Rac8 20. Nc3 Rxe1+
21. Rxe1 Bc6 22. a3 Re8 23. Rd1 Nd7 24. b4 b5 25. Bf2 Nf6 26. Ne2 Bb7 27. Nd4
Nd7 28. Nb3 h6 29. Qd4 Nf6 30. Rc1 Rc8 31. Re1 Re8 32. Re5 Rc8 33. Nc5 Ba8 34.
Re1 Nd7 35. Nd3 Qg6 36. h4 Kh7 37. Nc5 Nxc5 38. bxc5 Bc6 39. Re7 a5 40. g4 Qb1+
41. Kg2 Kg8 42. Qe5 Qg6 43. Bd4 b4 44. axb4 axb4 45. Kg3 b3 46. f5 Qf6 47. Qe3
b2 48. Bxf6 b1=Q 49. Bd4 Qb8+ 50. Be5 Qb1 51. Bc3 Ra8 52. Rc7 1-0

[Event "8th Southwest Class"]
[Site "Forth Worth, TX"]
[Date "2017.02.18"]
[Round "4.10"]
[White "GM Raznikov, Dani"]
[Black "Patel, Advait"]
[Result "1/2-1/2"]
[WhiteElo "2514"]
[BlackElo "2377"]
[Annotator "Hater,David"]
[PlyCount "98"]
[EventDate "2017.02.??"]
[EventType "swiss"]
[EventRounds "9"]
[EventCountry "USA"]

1. d4 Nf6 2. c4 g6 3. g3 Bg7 4. Bg2 O-O 5. Nf3 d6 6. O-O Nc6 7. Nc3 Rb8 8. Bf4
a6 9. Rc1 h6 10. b3 g5 11. d5 gxf4 12. dxc6 fxg3 13. hxg3 b6 14. Nd4 e5 15. Nc2
h5 16. Ne3 Ng4 17. Nxg4 Bxg4 18. Bf3 Bh3 19. Bxh5 Bxf1 20. Kxf1 f5 21. Kg2 e4
22. Nd5 Be5 23. f4 exf3+ 24. exf3 Bxg3 25. Qd2 f4 26. Qe2 Qg5 27. Qe6+ Kh8 28.
Rh1 Rbd8 29. Bg4+ Kg7 30. Nxc7 Rh8 31. Rxh8 Rxh8 32. Qd7+ Kg6 33. Qxd6+ Kf7 34.
Qe6+ Kg7 35. Qd7+ Kg6 36. Qe6+ Kg7 37. Nd5 Rh2+ 38. Kg1 Bf2+ 39. Kf1 (39. Kxh2
Qh4+ 40. Kg2 Qg3+ 41. Kf1 Qg1+ 42. Ke2 Qe1+ 43. Kd3 Qb1+ 44. Kc3 Qc1+) 39...
Rh1+ 40. Kxf2 Qh4+ 41. Ke2 Qh2+ 42. Kd3 Rd1+ 43. Ke4 Re1+ 44. Kd3 Rd1+ 45. Ke4
Re1+ 46. Kf5 Qh7+ 47. Kxf4 Qh2+ 48. Kf5 Qh7+ 49. Kf4 Qh2+ 1/2-1/2

[Event "8th Southwest Class"]
[Site "Forth Worth, TX"]
[Date "2017.02.18"]
[Round "4.11"]
[White "Hong, Andrew"]
[Black "IM Chandra, Akshat"]
[Result "1/2-1/2"]
[WhiteElo "2387"]
[BlackElo "2512"]
[PlyCount "113"]
[EventDate "2017.02.??"]
[EventType "swiss"]
[EventRounds "9"]
[EventCountry "USA"]

1. e4 c5 2. Nf3 d6 3. d4 cxd4 4. Nxd4 Nf6 5. Nc3 a6 6. h3 e6 7. g4 Be7 8. g5
Nfd7 9. Be3 b5 10. a3 Bb7 11. h4 Nc6 12. Rh3 Nc5 13. f4 O-O 14. Qe2 Nxd4 15.
Bxd4 e5 16. fxe5 dxe5 17. Bxc5 Bxc5 18. Nd5 Bxd5 19. O-O-O Bc4 20. Rxd8 Bxe2
21. Rxf8+ Kxf8 22. Bxe2 g6 23. Kd2 Rd8+ 24. Bd3 Kg7 25. Ke1 Be7 26. Be2 Rd4 27.
Bf3 f6 28. gxf6+ Bxf6 29. c3 Rd3 30. Ke2 Rd8 31. Bg4 h5 32. Be6 Rf8 33. c4 bxc4
34. Bxc4 a5 35. b4 axb4 36. axb4 Bd8 37. b5 Rf4 38. Bd5 Kh6 39. Rh1 Kg7 40. Rh3
Rxh4 41. Rxh4 Bxh4 42. b6 Bd8 43. b7 Bc7 44. Kf3 Bb8 45. Kg3 Kh6 46. Bf7 g5 47.
Be8 Ba7 48. Bf7 g4 49. b8=Q Bxb8 50. Kh4 Ba7 51. Bxh5 g3 52. Bf3 Bf2 53. Bg2
Kg6 54. Kg4 Kf6 55. Kf3 Ke6 56. Bh3+ Kd6 57. Bg2 1/2-1/2

[Event "8th Southwest Class"]
[Site "Forth Worth, TX"]
[Date "2017.02.18"]
[Round "4.12"]
[White "IM Ruiz, Joshua"]
[Black "IM Drozdowski, Kaeper"]
[Result "1/2-1/2"]
[WhiteElo "2338"]
[BlackElo "2496"]
[PlyCount "130"]
[EventDate "2017.02.??"]
[EventType "swiss"]
[EventRounds "9"]
[EventCountry "USA"]

1. e4 d6 2. d4 Nf6 3. Nc3 Nc6 4. Nge2 g6 5. h3 Bg7 6. g4 O-O 7. Be3 e5 8. d5
Ne7 9. Qd2 c6 10. dxc6 bxc6 11. O-O-O d5 12. g5 Ne8 13. Bc5 d4 14. f4 Nc7 15.
fxe5 Ne6 16. Bxd4 Nxd4 17. Nxd4 Bxe5 18. Bc4 Qd6 19. Kb1 Rb8 20. Bb3 Rb4 21.
Nde2 Qb8 22. Nc1 Bxc3 23. Qxc3 Rxe4 24. Rhe1 Rxe1 25. Rxe1 Qd6 26. h4 Nf5 27.
Re4 Bd7 28. Qe1 c5 29. Nd3 Nd4 30. Ne5 Bf5 31. Re3 Kg7 32. Nf3 Nxf3 33. Rxf3
Re8 34. Qc3+ Qd4 35. a4 Re4 36. Rd3 Qxc3 37. Rxc3 Rxh4 38. Rxc5 Rd4 39. Bd5
Rd1+ 40. Ka2 Bxc2 41. a5 Bf5 42. b3 Kf8 43. a6 Ke7 44. Bc4 Kd6 45. Rb5 Re1 46.
Rb7 Re7 47. Bxf7 Bc8 48. Rxe7 Kxe7 49. Bc4 Kd6 50. b4 Kc6 51. Ka3 Kb6 52. Bg8
Bxa6 53. Bxh7 Bd3 54. Kb3 Bf5 55. Kc3 Kc6 56. Bg8 Kd6 57. Kd4 Be6 58. Bh7 Bf7
59. b5 Be8 60. Kc4 Ke5 61. Kc5 Kf5 62. b6 axb6+ 63. Kxb6 Kxg5 64. Kc5 Kh6 65.
Bxg6 Bxg6 1/2-1/2